Statistics for All albums by Drake so far 2009-2023

Click here to take the quiz!

General Stats

  • This quiz has been taken 20 times
    (11 since last reset)
  • The average score is 9 of 11

Answer Stats

HintAnswer% Correct
2023For All The Dogs
100%
2022Her Loss
100%
2021Certified Lover Boy
91%
2022Honestly, Nevermind
91%
2018Scorpion
91%
2016Views
91%
2017More Life
82%
2011Take Care
82%
2013Nothing Was The Same
73%
2009So Far Gone
64%
2010Thank Me Later
55%

Score Distribution

Percentile by Number Answered

Percent of People with Each Score

Your Score History

You have not taken this quiz since the last reset